[Event "XXVI Turniej Szachowy Juniorow "]
[Site "UKS MDK-1 Hetman Bydgoszcz"]
[Date "2009.??.??"]
[Round "7.7"]
[White "Czajkowski, Mateusz"]
[Black "Nowacki, Krzysztof"]
[Result "0-1"]
[WhiteElo "1685"]
[BlackElo "1693"]
[PlyCount "25"]
[EventDate "2009.??.??"]

1. e4 c5 2. d4 cxd4 3. c3 dxc3 4. Nxc3 d6 5. Be3 Nc6 6. Bd3 g6 7. Rc1 Nh6 8.
Nge2 Bg7 9. O-O O-O 10. Ng3 Ne5 11. Be2 Be6 12. b3 d5 13. Bd4 {
Zapis nieczytelny} 0-1

[Event "XXVI Turniej Szachowy Juniorow "]
[Site "UKS MDK-1 Hetman Bydgoszcz"]
[Date "2009.??.??"]
[Round "7.8"]
[White "Gora, Antonina"]
[Black "Zwara, Szymon"]
[Result "1-0"]
[WhiteElo "1583"]
[BlackElo "1450"]
[PlyCount "111"]
[EventDate "2009.??.??"]

1. e4 c5 2. Nf3 Nc6 3. d4 cxd4 4. Nxd4 Nf6 5. Nc3 d6 6. Nxc6 bxc6 7. Be2 g6 8.
O-O Bg7 9. Be3 O-O 10. Qd2 Re8 11. Rfd1 Ng4 12. Bxg4 Bxg4 13. f3 Be6 14. Bd4 f6
15. Bf2 Qc7 16. Kh1 Red8 17. a3 d5 18. exd5 Bxd5 19. Nxd5 Rxd5 20. Qe2 Rh5 21.
h3 Rb5 22. Qe6+ Kf8 23. Rd7 Qe5 24. Qxc6 Rab8 25. Re1 Qxb2 26. Rdxe7 Re5 27.
R1xe5 fxe5 28. Qe6 Qc1+ 29. Kh2 Qf4+ 30. Bg3 Qf6 31. Qxf6+ Bxf6 32. Rxa7 Rc8
33. Rxh7 Rxc2 34. Be1 Re2 35. Bb4+ Kg8 36. Ra7 e4 37. Ra8+ Kg7 38. Ra7+ Kg8 39.
fxe4 Rb2 40. Bd6 Re2 41. e5 Bg5 42. Ra8+ Kg7 43. Rf8 Rd2 44. Rf1 Re2 45. Rf3
Re4 46. Bc5 Bf4+ 47. Kg1 Bxe5 48. Re3 Bd4 49. Bxd4+ Rxd4 50. Kf2 Kf6 51. Kf3
Kf5 52. g3 g5 53. g4+ Kf6 54. Ke2 Ra4 55. Rf3+ Kg6 56. Kd2 1-0

[Event "XXVI Turniej Szachowy Juniorow "]
[Site "UKS MDK-1 Hetman Bydgoszcz"]
[Date "2009.??.??"]
[Round "7.9"]
[White "Kacperski, Wojciech"]
[Black "Snihur, Piotr"]
[Result "0-1"]
[WhiteElo "1546"]
[BlackElo "1720"]
[PlyCount "72"]
[EventDate "2009.??.??"]

1. d4 Nf6 2. c4 e5 3. dxe5 Ng4 4. Bf4 Nc6 5. Nf3 Bb4+ 6. Nbd2 Qe7 7. e3 Ngxe5
8. Be2 O-O 9. O-O a5 10. Nb3 d6 11. Nbd4 Bd7 12. Qc2 Rfe8 13. Bg3 Bc5 14. Nb5
Rac8 15. Nc3 Nb4 16. Qe4 Bc6 17. Nd5 Qd7 18. a3 Ng6 19. Qb1 Nxd5 20. cxd5 Bxd5
21. Rd1 Bc6 22. b4 axb4 23. axb4 Bb6 24. b5 Be4 25. Qb3 Bf5 26. Bc4 Be6 27. e4
Bxc4 28. Qxc4 Qe6 29. Ra4 h6 30. Qe2 f5 31. Re1 Re7 32. e5 dxe5 33. Qc4 Qxc4
34. Rxc4 e4 35. Nh4 Nxh4 36. Bxh4 g5 0-1

[Event "XXVI Turniej Szachowy Juniorow "]
[Site "UKS MDK-1 Hetman Bydgoszcz"]
[Date "2009.??.??"]
[Round "8.1"]
[White "Drozdowski, Kacper"]
[Black "Licznerski, Lukasz"]
[Result "1/2-1/2"]
[WhiteElo "2039"]
[BlackElo "1932"]
[PlyCount "100"]
[EventDate "2009.??.??"]

1. e4 e6 2. d4 d5 3. Nc3 Nf6 4. Bg5 Bb4 5. e5 h6 6. Bd2 Bxc3 7. bxc3 Ne4 8. Qg4
g6 9. Qf4 Nxd2 10. Qxd2 c5 11. Nf3 Qa5 12. c4 Qxd2+ 13. Kxd2 dxc4 14. Bxc4 cxd4
15. Nxd4 Bd7 16. f4 a6 17. Rab1 Nc6 18. c3 Nxd4 19. cxd4 Bc6 20. Rhg1 O-O-O 21.
Ke3 Bd5 22. Rgc1 Kb8 23. Bxa6 Rc8 24. Bd3 Bxa2 25. Ra1 Rxc1 26. Rxc1 Bd5 27. g4
h5 28. g5 Rc8 29. Rxc8+ Kxc8 30. Bb5 Bc6 31. Be2 Kc7 32. Kd2 Kb6 33. Kc3 Ka5
34. Kb3 Bd5+ 35. Ka3 b5 36. h4 b4+ 37. Kb2 Kb6 38. Bd3 Kc6 39. Be2 Be4 40. Bc4
Bd5 41. Kb3 Bxc4+ 42. Kxc4 b3 43. d5+ exd5+ 44. Kxb3 Kc5 45. f5 gxf5 46. e6 Kd6
47. exf7 Ke7 48. g6 f4 49. Kc3 f3 50. Kd3 d4 1/2-1/2

[Event "XXVI Turniej Szachowy Juniorow "]
[Site "UKS MDK-1 Hetman Bydgoszcz"]
[Date "2009.??.??"]
[Round "8.2"]
[White "Kotula, Oktawia"]
[Black "Marchlewicz, Damian"]
[Result "0-1"]
[WhiteElo "1737"]
[BlackElo "1911"]
[PlyCount "56"]
[EventDate "2009.??.??"]

1. d4 d5 2. c4 c6 3. Nc3 Nf6 4. Nf3 Bg4 5. e3 e6 6. Be2 Bd6 7. O-O O-O 8. h3
Bh5 9. c5 Bc7 10. b4 Nbd7 11. a4 Bxf3 12. Bxf3 e5 13. e4 exd4 14. exd5 dxc3 15.
d6 Bb8 16. Bf4 a5 17. Qb3 Ba7 18. Qxc3 axb4 19. Qxb4 Nxc5 20. Rfd1 Re8 21. Rac1
Nce4 22. d7 Nxf2 23. dxe8=Q+ Qxe8 24. Kf1 Nxd1 25. Rxd1 Bb8 26. Qxb7 Bxf4 27.
Bxc6 Rb8 28. Qa6 Qc8 0-1

[Event "XXVI Turniej Szachowy Juniorow "]
[Site "UKS MDK-1 Hetman Bydgoszcz"]
[Date "2009.??.??"]
[Round "8.3"]
[White "Januszewski, Piotr"]
[Black "Brzezinski, Mateusz"]
[Result "1/2-1/2"]
[WhiteElo "1848"]
[BlackElo "1931"]
[PlyCount "53"]
[EventDate "2009.??.??"]

1. e4 c5 2. Nf3 Nc6 3. d4 cxd4 4. Nxd4 Nf6 5. Nc3 e5 6. Ndb5 d6 7. Bg5 a6 8.
Na3 b5 9. Nd5 Be7 10. Bxf6 Bxf6 11. c3 Bg5 12. Nc2 O-O 13. a4 bxa4 14. Rxa4 a5
15. Bc4 Rb8 16. b3 Kh8 17. Nce3 g6 18. O-O Bh6 19. Qe2 f5 20. exf5 gxf5 21. Qh5
Qg5 22. Qxg5 Bxg5 23. Rd1 f4 24. Nf1 Bf5 25. Nc7 Rbd8 26. Ne6 Bxe6 27. Bxe6
1/2-1/2

[Event "XXVI Turniej Szachowy Juniorow "]
[Site "UKS MDK-1 Hetman Bydgoszcz"]
[Date "2009.??.??"]
[Round "8.4"]
[White "Bokiej, Przemyslaw"]
[Black "Szulgacz, Maciej"]
[Result "1-0"]
[WhiteElo "2054"]
[BlackElo "1529"]
[PlyCount "51"]
[EventDate "2009.??.??"]

1. e4 d6 2. d4 Nf6 3. Nc3 g6 4. f4 Bg7 5. Nf3 O-O 6. Bd3 Nbd7 7. O-O c5 8. d5
Qc7 9. Re1 a6 10. a4 Rb8 11. h3 c4 12. Bf1 b5 13. axb5 axb5 14. e5 dxe5 15.
fxe5 Ne8 16. d6 exd6 17. Nd5 Qb7 18. Be3 Ra8 19. Rxa8 Qxa8 20. exd6 Bxb2 21. c3
Ba3 22. Ne7+ Kg7 23. Qd4+ Nef6 24. Qh4 Nh5 25. Bh6+ Kxh6 26. Nf5+ 1-0

[Event "XXVI Turniej Szachowy Juniorow "]
[Site "UKS MDK-1 Hetman Bydgoszcz"]
[Date "2009.??.??"]
[Round "8.5"]
[White "Kotula, Konrad"]
[Black "Mazalon, Mateusz"]
[Result "1/2-1/2"]
[WhiteElo "1756"]
[BlackElo "1728"]
[PlyCount "25"]
[EventDate "2009.??.??"]

1. c4 c5 2. Nc3 Nc6 3. Nf3 Nf6 4. g3 g6 5. Bg2 Bg7 6. O-O d6 7. d4 O-O 8. dxc5
dxc5 9. Be3 Be6 10. Bxc5 Bxc4 11. Qxd8 Raxd8 12. Rfd1 Ba6 13. Be3 1/2-1/2

[Event "XXVI Turniej Szachowy Juniorow "]
[Site "UKS MDK-1 Hetman Bydgoszcz"]
[Date "2009.??.??"]
[Round "8.6"]
[White "Snihur, Piotr"]
[Black "Nowacki, Krzysztof"]
[Result "1/2-1/2"]
[WhiteElo "1720"]
[BlackElo "1693"]
[PlyCount "77"]
[EventDate "2009.??.??"]

1. e4 c6 2. d4 d5 3. Nc3 dxe4 4. Nxe4 Bf5 5. Ng3 Bg6 6. Nf3 e6 7. h4 h6 8. Bd3
Bxd3 9. Qxd3 Bd6 10. Be3 Nf6 11. O-O-O Qc7 12. Ne4 Nxe4 13. Qxe4 Nd7 14. Kb1
Nf6 15. Qd3 O-O-O 16. Qb3 Nd5 17. c4 Nxe3 18. fxe3 Kb8 19. c5 Be7 20. Rdf1 Bf6
21. g4 g5 22. h5 Rhf8 23. Qc4 e5 24. Rh3 exd4 25. Nxd4 Bxd4 26. exd4 Qd7 27.
Rhf3 Qxg4 28. Rxf7 Rxf7 29. Qxf7 Qxd4 30. Qf6 Qd3+ 31. Kc1 Qd2+ 32. Kb1 Re8 33.
Qd6+ Qxd6 34. cxd6 Kc8 35. Rf6 Kd7 36. Rxh6 g4 37. Rg6 Rh8 38. Rxg4 Rxh5 39.
Rg7+ 1/2-1/2

[Event "XXVI Turniej Szachowy Juniorow "]
[Site "UKS MDK-1 Hetman Bydgoszcz"]
[Date "2009.??.??"]
[Round "8.7"]
[White "Zebracki, Tomasz"]
[Black "Gora, Antonina"]
[Result "1-0"]
[WhiteElo "1795"]
[BlackElo "1583"]
[PlyCount "47"]
[EventDate "2009.??.??"]

1. e4 c5 2. Nf3 d6 3. c3 Nf6 4. Be2 Nxe4 5. Qa4+ Bd7 6. Qxe4 Nc6 7. O-O g6 8.
d4 cxd4 9. Nxd4 Bg7 10. Be3 O-O 11. Nd2 e5 12. Nxc6 Bxc6 13. Qc2 f5 14. f3 Kh8
15. Rad1 Qe7 16. Nc4 f4 17. Bf2 e4 18. fxe4 Bxe4 19. Bd3 Bc6 20. Bd4 Qd7 21.
Bxg7+ Qxg7 22. Be4 Bxe4 23. Qxe4 Rad8 24. Rxf4 1-0

[Event "XXVI Turniej Szachowy Juniorow "]
[Site "UKS MDK-1 Hetman Bydgoszcz"]
[Date "2009.??.??"]
[Round "8.8"]
[White "Gajek, Radoslaw"]
[Black "Kacperski, Wojciech"]
[Result "1-0"]
[WhiteElo "1720"]
[BlackElo "1546"]
[PlyCount "119"]
[EventDate "2009.??.??"]

1. e4 c6 2. d4 d5 3. Nd2 dxe4 4. Nxe4 Nf6 5. Nxf6+ exf6 6. Nf3 Bg4 7. Be2 Bd6
8. O-O O-O 9. Be3 Nd7 10. Re1 Qc7 11. h3 Be6 12. c4 Bb4 13. Bd2 Bxd2 14. Qxd2
Nb6 15. Rac1 Qe7 16. Bd3 Rad8 17. Qf4 Qb4 18. b3 a5 19. Bc2 a4 20. Nd2 Rd7 21.
Ne4 axb3 22. axb3 Qe7 23. Nc5 Rdd8 24. Bf5 Rfe8 25. Nxe6 fxe6 26. Bxe6+ Kh8 27.
Qd2 c5 28. d5 Qd6 29. Qc2 Nd7 30. Re4 Nf8 31. Bf5 g6 32. Rxe8 Rxe8 33. Bd3 Qf4
34. g3 Qd4 35. Qc3 Qxc3 36. Rxc3 Nd7 37. f4 f5 38. Kf2 Kg7 39. Kf3 Nf6 40. Bc2
Re1 41. Re3 Rc1 42. Bd3 Rc3 43. Be2 Rc1 44. Re7+ Kh6 45. Rxb7 Ne4 46. g4 Rc3+
47. Kg2 fxg4 48. hxg4 g5 49. fxg5+ Kxg5 50. Re7 Kf4 51. Rf7+ Ke3 52. Rf3+ Kd2
53. Rxc3 Kxc3 54. Bf3 Nd6 55. Bd1 h6 56. Kf3 Kd2 57. Be2 Kc2 58. Kf4 Kxb3 59.
Ke5 Nb7 60. d6 1-0

[Event "XXVI Turniej Szachowy Juniorow "]
[Site "UKS MDK-1 Hetman Bydgoszcz"]
[Date "2009.??.??"]
[Round "8.9"]
[White "Zwara, Szymon"]
[Black "Czajkowski, Mateusz"]
[Result "1-0"]
[WhiteElo "1450"]
[BlackElo "1685"]
[PlyCount "23"]
[EventDate "2009.??.??"]

1. d4 c6 2. c4 d5 3. Nc3 e5 4. e3 dxc4 5. Bxc4 exd4 6. exd4 Nf6 7. Nf3 Bb4 8.
O-O O-O 9. Ne5 Nbd7 10. Bxf7+ Rxf7 11. Nxf7 Kxf7 12. Qb3+ 1-0

[Event "XXVI Turniej Szachowy Juniorow"]
[Site "?"]
[Date "2009.??.??"]
[Round "9.1"]
[White "Mazalon, Mateusz"]
[Black "Drozdowski, Kacper"]
[Result "0-1"]
[WhiteElo "1728"]
[BlackElo "2039"]
[PlyCount "66"]
[EventDate "2009.??.??"]

1. e4 c5 2. Nf3 e6 3. c3 Nf6 4. e5 Nd5 5. d4 cxd4 6. cxd4 d6 7. Nc3 Nxc3 8.
bxc3 Qc7 9. Qb3 Nd7 10. Bf4 dxe5 11. Bxe5 Nxe5 12. Nxe5 Bd6 13. Bb5+ Kf8 14.
Nc4 Be7 15. Ne3 g6 16. O-O Kg7 17. d5 a6 18. Be2 e5 19. Rfd1 Bd6 20. Nc4 Rd8
21. Nb6 Rb8 22. a4 Bc5 23. a5 Rd6 24. Rab1 Rf6 25. Rf1 Bf5 26. Rb2 h5 27. Bc4
e4 28. Kh1 h4 29. f3 exf3 30. Rxf3 h3 31. Bd3 Bxd3 32. Rxf6 Kxf6 33. c4 Re8 0-1

[Event "XXVI Turniej Szachowy Juniorow"]
[Site "?"]
[Date "2009.??.??"]
[Round "9.2"]
[White "Licznerski, Lukasz"]
[Black "Marchlewicz, Damian"]
[Result "1-0"]
[WhiteElo "1932"]
[BlackElo "1911"]
[PlyCount "89"]
[EventDate "2009.??.??"]

1. e4 e5 2. Nf3 Nc6 3. Bb5 Nge7 4. d4 exd4 5. Nxd4 g6 6. Nc3 Bg7 7. Be3 O-O 8.
O-O d6 9. f3 a6 10. Bc4 Ne5 11. Be2 c5 12. Nb3 b6 13. Qd2 Be6 14. Rfd1 Bc4 15.
f4 Bxe2 16. Qxe2 N5c6 17. e5 d5 18. Nxd5 Nxd5 19. Qf3 Ncb4 20. c4 Nxe3 21. Rxd8
Rfxd8 22. a3 Nbc2 23. Rc1 Ra7 24. Na1 Rd2 25. Nxc2 Rxg2+ 26. Kh1 Rxc2 27. Qxe3
Rxc1+ 28. Qxc1 Rd7 29. Qe3 h5 30. b4 Rd4 31. e6 fxe6 32. Qxe6+ Kh7 33. bxc5
bxc5 34. f5 gxf5 35. Qxf5+ Kg8 36. Qxc5 h4 37. Kg2 Kf7 38. Qa7+ Kg6 39. Qxa6+
Kf5 40. Qc8+ Kf4 41. Qe6 Be5 42. Kh3 Re4 43. c5 Re2 44. Qc4+ Kf3 45. Kxh4 1-0

[Event "XXVI Turniej Szachowy Juniorow"]
[Site "?"]
[Date "2009.??.??"]
[Round "9.3"]
[White "Bokiej, Przemyslaw"]
[Black "Januszewski, Piotr"]
[Result "1-0"]
[WhiteElo "2054"]
[BlackElo "1848"]
[PlyCount "47"]
[EventDate "2009.??.??"]

1. e4 c5 2. Nf3 Nc6 3. d4 cxd4 4. Nxd4 Nf6 5. Nc3 g6 6. Bc4 Bg7 7. Nxc6 bxc6 8.
e5 Ng8 9. Qf3 e6 10. Bf4 Ne7 11. O-O Nd5 12. Ne4 O-O 13. Rad1 Qe7 14. Bg5 f6
15. Bh4 g5 16. exf6 Bxf6 17. Qg4 h6 18. Bg3 Qf7 19. c3 e5 20. Nxf6+ Qxf6 21.
Rxd5 cxd5 22. Bxd5+ Kh8 23. Bxa8 d6 24. Qe2 1-0

[Event "XXVI Turniej Szachowy Juniorow"]
[Site "?"]
[Date "2009.??.??"]
[Round "9.4"]
[White "Brzezinski, Mateusz"]
[Black "Zebracki, Tomasz"]
[Result "1-0"]
[WhiteElo "1931"]
[BlackElo "1795"]
[PlyCount "77"]
[EventDate "2009.??.??"]

1. c4 d6 2. Nc3 e5 3. g3 Nc6 4. Bg2 Nf6 5. e3 Be7 6. Nge2 O-O 7. d3 Be6 8. Nd5
Kh8 9. O-O Qd7 10. Rb1 Bh3 11. b4 Bxg2 12. Kxg2 Nxd5 13. cxd5 Nd8 14. e4 c6 15.
Nc3 f5 16. f3 f4 17. a4 Rf6 18. Qe2 g5 19. g4 h5 20. h3 Rh6 21. Bd2 Kg7 22. Be1
Nf7 23. Bf2 Rah8 24. Rh1 b6 25. dxc6 Qxc6 26. Nd5 Bd8 27. b5 Qd7 28. Qc2 Bf6
29. Qc6 Rd8 30. Rbc1 Nh8 31. a5 bxa5 32. Qa6 Nf7 33. Bxa7 hxg4 34. hxg4 Rh4 35.
Bf2 Rxg4+ 36. Kf1 Rc8 37. Qxc8 Qxb5 38. Qxg4 Qxd3+ 39. Kg2 1-0

[Event "XXVI Turniej Szachowy Juniorow"]
[Site "?"]
[Date "2009.??.??"]
[Round "9.5"]
[White "Szulgacz, Maciej"]
[Black "Kotula, Oktawia"]
[Result "0-1"]
[WhiteElo "1529"]
[BlackElo "1737"]
[PlyCount "44"]
[EventDate "2009.??.??"]

1. d4 d5 2. c4 e6 3. Nc3 Nf6 4. Bg5 Be7 5. Nf3 O-O 6. e3 h6 7. Bh4 b6 8. a3 Bb7
9. Bg3 Nbd7 10. h3 c5 11. Nb5 Ne4 12. dxc5 Nxg3 13. fxg3 Bxc5 14. Kf2 Nf6 15.
Nc3 Qc7 16. Nb5 Ne4+ 17. Ke1 Qxg3+ 18. Ke2 Qf2+ 19. Kd3 dxc4+ 20. Kxc4 Bd5+ 21.
Kd3 Qxe3+ 22. Kc2 Bb3+ 0-1

[Event "XXVI Turniej Szachowy Juniorow"]
[Site "?"]
[Date "2009.??.??"]
[Round "9.6"]
[White "Snihur, Piotr"]
[Black "Kotula, Konrad"]
[Result "1-0"]
[WhiteElo "1720"]
[BlackElo "1756"]
[PlyCount "64"]
[EventDate "2009.02.20"]

1. e4 c5 2. Nf3 Nc6 3. d4 cxd4 4. Nxd4 g6 5. Be3 Nf6 6. f3 Bg7 7. Bc4 O-O 8.
Nc3 Qb6 9. Bb3 Nxe4 10. Nd5 Qa5+ 11. c3 Nf6 12. Nxc6 dxc6 13. Nxe7+ Kh8 14.
Nxc8 Raxc8 15. O-O Rcd8 16. Qc2 Nd5 17. Bf2 Nf4 18. Rad1 Rde8 19. Rfe1 Rxe1+
20. Rxe1 h5 21. Qe4 Qg5 22. Bg3 Nd5 23. Bxd5 cxd5 24. Qe7 Qd2 25. Qxb7 d4 26.
Bf2 d3 27. Qb3 Qc2 28. Qxc2 dxc2 29. Be3 Re8 30. Kf2 Rb8 31. Bc1 a5 32. Re2 a4
1-0

[Event "XXVI Turniej Szachowy Juniorow"]
[Site "?"]
[Date "2009.??.??"]
[Round "9.7"]
[White "Nowacki, Krzystof"]
[Black "Zwara, Szymon"]
[Result "1/2-1/2"]
[WhiteElo "1693"]
[BlackElo "1450"]
[PlyCount "54"]
[EventDate "2009.??.??"]

1. e4 c5 2. Nf3 Nc6 3. d4 cxd4 4. Nxd4 g6 5. Be3 Bg7 6. Qd2 Nf6 7. f3 O-O 8. c4
e6 9. Be2 d5 10. exd5 exd5 11. O-O Re8 12. Nc3 dxc4 13. Nxc6 Qxd2 14. Bxd2 bxc6
15. Bxc4 Be6 16. Bxe6 Rxe6 17. Rfe1 Rae8 18. Rxe6 Rxe6 19. Re1 Rxe1+ 20. Bxe1
Kf8 21. Bf2 a6 22. Bc5+ Ke8 23. Kf2 Nd7 24. Bd6 Nb6 25. Bc5 Nd7 26. Bd6 Nb6 27.
Bc5 Nd7 1/2-1/2

[Event "XXVI Turniej Szachowy Juniorow"]
[Site "?"]
[Date "2009.??.??"]
[Round "9.8"]
[White "Czajkowski, Mateusz"]
[Black "Gajek, Radowslaw"]
[Result "0-1"]
[WhiteElo "1685"]
[BlackElo "1720"]
[PlyCount "74"]
[EventDate "2009.??.??"]

1. e4 g6 2. d4 Bg7 3. Be3 d6 4. Bc4 Nf6 5. Nd2 O-O 6. Ne2 e5 7. c3 Ng4 8. h3
Nxe3 9. fxe3 Nc6 10. O-O Na5 11. b4 Nxc4 12. Nxc4 Qh4 13. Qd3 b6 14. b5 Qg5 15.
dxe5 dxe5 16. Rf3 Be6 17. Nd2 Rad8 18. Qc2 Rd7 19. Rg3 Qe7 20. Nb3 Rfd8 21. c4
Qb4 22. Rc1 Bh6 23. Kf2 Rd3 24. Rf3 Qe7 25. Re1 Qh4+ 26. Ng3 f5 27. exf5 gxf5
28. Kg1 e4 29. Nd4 R8xd4 30. exd4 Rd2 31. Qc3 exf3 32. Qxf3 Qxd4+ 33. Kh2 Qxc4
34. Nxf5 Qf4+ 35. Qxf4 Bxf4+ 36. Ng3 Bd5 37. Rg1 Rd3 0-1